000 00303nam a22001337a 4500
008 170814b xxu||||| |||| 00| 0 eng d
020 _a9780669352504
041 _aeng
080 _25TH
_a51
100 _a36
101 _aMAT
245 _aCALCULUS OF A SINGLE VARIABLE
_cLARSON,L.E
942 _2udc
_cBK
999 _c23369
_d23369